| 000 | 00756 a2200205 4500 | ||
|---|---|---|---|
| 999 |
_c976 _d976 |
||
| 020 | _a1882345460 (softbound) | ||
| 020 | _a9781882345465 (softbound) | ||
| 050 | 0 | 0 | _aG155 GET 2005 |
| 100 | 1 |
_aGetz, Donald, _d1949- |
|
| 245 | 1 | 0 |
_aEvent management & event tourism / _cDonald Getz. |
| 264 |
_aNew York: _bCognizant communication corporation., _c2005 |
||
| 300 |
_axi, 439 p. : _bill. ; |
||
| 500 | _a index. | ||
| 504 | _aIncludes bibliographical references (p. 411-430) | ||
| 650 | 0 | _aTourism. | |
| 650 | 0 | _aSpecial events. | |
| 856 | 4 | 1 |
_3Table of contents _uhttp://www.loc.gov/catdir/toc/ecip0516/2005020409.html |
| 942 |
_2lcc _cBK _h155 _iGET _kG |
||